| 000 | 00356nam a22001457a 4500 | ||
|---|---|---|---|
| 999 |
_c15448 _d15448 |
||
| 020 | _a9788131248850 | ||
| 082 |
_a574.192 _bSAT/BI |
||
| 100 |
_aSatyanarayana, U _92001 |
||
| 245 | _aBiochemistry | ||
| 250 | _a5th ed. | ||
| 260 |
_aNew delhi ; _bElsevier relx india pvt ltd , _c2017 . |
||
| 300 | _a777 p; | ||
| 700 |
_aChakrapani ,U . _92002 |
||
| 942 | _cBK | ||